The Wechsler-Bellevue scales : (Record no. 30728)
[ view plain ]
| 000 -LEADER | |
|---|---|
| fixed length control field | 01239cam a22002891a 4500 |
| 001 - CONTROL NUMBER | |
| control field | 30728 |
| 003 - CONTROL NUMBER IDENTIFIER | |
| rucl marc code | BD-RjUL |
| 005 - DATE AND TIME OF LATEST TRANSACTION | |
| control field | 20211209051616.0 |
| 008 - FIXED-LENGTH DATA ELEMENTS--GENERAL INFORMATION | |
| fixed length control field | 140412s1953 ilu b 001 0 eng |
| 035 ## - SYSTEM CONTROL NUMBER | |
| System control number | (BD-RjUL)30815 |
| 040 ## - CATALOGING SOURCE | |
| Original cataloging agency | DLC |
| Transcribing agency | FMU |
| Modifying agency | NNHuC |
| -- | BD-RjUL |
| Language of cataloging | eng |
| 041 ## - LANGUAGE CODE | |
| Language code of text/sound track or separate title | eng |
| 082 ## - DEWEY DECIMAL CLASSIFICATION NUMBER | |
| Classification number | 151.2222 |
| Author mark and year | PAW 1953 |
| 100 1# - MAIN ENTRY--PERSONAL NAME | |
| Personal name | Patterson, C. H. |
| Fuller form of name | (Cecil Holden), |
| Dates associated with a name | 1912-2006. |
| 9 (RLIN) | 93391 |
| 245 14 - TITLE STATEMENT | |
| Title | The Wechsler-Bellevue scales : |
| Remainder of title | a guide for counselors / |
| Statement of responsibility, etc. | by C.H. Patterson. |
| 260 ## - PUBLICATION, DISTRIBUTION, ETC. (IMPRINT) | |
| Place of publication, distribution, etc. | Springfield, Ill. : |
| Name of publisher, distributor, etc. | Thomas, |
| Date of publication, distribution, etc. | c1953. |
| 300 ## - PHYSICAL DESCRIPTION | |
| Pagination | viii, 146 p. ; |
| Size | 23 cm. |
| 500 ## - GENERAL NOTE | |
| General note | "A detailed revision and expansion of material prepared in 1948 in mimeographed form by the Veterans Administration Regional Office, Minneapolis, Minnesota under the title: Using the Wechsler-Bellevue scales in counseling."--Pref. |
| General note | "A monograph in the Bannerstone Division of American lectures in psychology."--P. [ii]. |
| 650 #0 - SUBJECT ADDED ENTRY--TOPICAL TERM | |
| Topical term or geographic name as entry element | Intelligence tests. |
| 9 (RLIN) | 89537 |
| Topical term or geographic name as entry element | Wechsler Adult Intelligence Scale. |
| 9 (RLIN) | 93393 |
| 942 ## - ADDED ENTRY ELEMENTS (KOHA) | |
| Source of classification or shelving scheme | Dewey Decimal Classification |
| Koha item type | Books |
| Lost status | Source of classification or shelving scheme | Damaged status | Not for loan | Collection code | Permanent Location | Current Location | Shelving location | Date acquired | Source of acquisition | Total Checkouts | Full call number | Date last seen | Copy number | Koha item type |
|---|---|---|---|---|---|---|---|---|---|---|---|---|---|---|
| Dewey Decimal Classification | Not For Loan | Non-fiction | Central Library, University of Rajshahi | Central Library, University of Rajshahi | Reading Room | 18/02/1958 | U. S. I. S. | 151.2222 PAW 1953 | 12/04/2014 | C-1 | Books |